[Event "Chess Festival Groningen 2019 A"]
[Site "Groningen , Netherlands"]
[Date "2019.12.23"]
[Round "3"]
[White "Van Baar, Esper"]
[Black "Kumar, Naman"]
[Result "1-0"]
[WhiteElo "2181"]
[BlackElo "2082"]
[PlyCount "91"]
[EventDate "2019.12.??"]

1. e4 e5 2. Nf3 Nc6 3. Bb5 a6 4. Ba4 Nf6 5. O-O Be7 6. Re1 b5 7. Bb3 O-O 8. h3
Bb7 9. d3 d5 10. exd5 Nxd5 11. Nbd2 Kh8 12. Ne4 f5 13. Neg5 Qd6 14. c4 Ndb4 15.
cxb5 axb5 16. Nf7+ Rxf7 17. Bxf7 Nxd3 18. Rf1 e4 19. Ne1 Nce5 20. Nxd3 Nxd3 21.
Qh5 Qf6 22. Bb3 Bd6 23. Qg5 Qe5 24. g3 Be7 25. Qd2 Bc5 26. Kh2 Re8 27. f4 Qd4
28. Qe2 e3 29. Bc2 Nf2 30. Rxf2 Bd5 31. Bb3 Be4 32. Bxe3 Qxe3 33. Qxe3 Bxe3 34.
Re2 Bd4 35. Rae1 c5 36. Bd5 g6 37. Bxe4 fxe4 38. Rxe4 Rxe4 39. Rxe4 Bxb2 40.
Re7 Kg8 41. Rb7 b4 42. Rc7 Bd4 43. Kg2 Kf8 44. Kf3 h5 45. Ke4 Ke8 46. g4 1-0

[Event "Chess Festival Groningen 2019 A"]
[Site "Groningen , Netherlands"]
[Date "2019.12.23"]
[Round "3"]
[White "Van Dael, Siem"]
[Black "Gijsen, William"]
[Result "1-0"]
[WhiteElo "2255"]
[BlackElo "1948"]
[PlyCount "125"]
[EventDate "2019.12.??"]

1. e4 e5 2. Nf3 Nc6 3. Bc4 Nf6 4. d3 Be7 5. O-O d6 6. c3 Na5 7. Bb5+ c6 8. Ba4
b5 9. Bc2 c5 10. d4 Bg4 11. dxe5 Bxf3 12. Qxf3 dxe5 13. Bg5 O-O 14. Bxf6 Bxf6
15. Rd1 Qc7 16. Nd2 Nc6 17. Nf1 Rad8 18. Ne3 Ne7 19. a4 a6 20. Qg4 g6 21. Qe2
Qb7 22. Bd3 c4 23. Bc2 Bg5 24. Ng4 Nc6 25. axb5 axb5 26. Rd5 Ne7 27. Rdd1 Qc7
28. g3 h5 29. Ne3 Qc5 30. Ng2 Nc6 31. h4 Bh6 32. Kh2 Rxd1 33. Rxd1 Rd8 34.
Rxd8+ Nxd8 35. f4 exf4 36. Nxf4 Bxf4 37. gxf4 Ne6 38. Qd2 Kg7 39. Kg2 Qe7 40.
f5 gxf5 41. exf5 Nc5 42. Qd4+ f6 43. Qf2 Qe5 44. Qf3 Qe8 45. Qg3+ Kh7 46. Qc7+
Nd7 47. Kf2 Qe7 48. Bd1 Kh6 49. Bf3 Qc5+ 50. Qxc5 Nxc5 51. Ke3 Nd3 52. Kd4 Nxb2
53. Bc6 Nd3 54. Bxb5 Ne5 55. Bxc4 Nf3+ 56. Ke4 Nxh4 57. Bf1 Kg7 58. Kf4 Kf7 59.
Bh3 Ke7 60. Kg3 Nxf5+ 61. Bxf5 Kd6 62. Kh4 Kd5 63. Bd3 1-0

[Event "Chess Festival Groningen 2019 A"]
[Site "Groningen , Netherlands"]
[Date "2019.12.23"]
[Round "3"]
[White "Van Randtwijk, Mick"]
[Black "Balje, Jan"]
[Result "1/2-1/2"]
[WhiteElo "2047"]
[BlackElo "2179"]
[PlyCount "84"]
[EventDate "2019.12.??"]

1. e4 e5 2. Nf3 Nc6 3. Bb5 a6 4. Ba4 Nf6 5. d3 d6 6. c4 g6 7. Nc3 Bg7 8. Bg5
O-O 9. Nd5 Nb8 10. Nxe5 c6 11. Bxf6 Bxf6 12. Nxf6+ Qxf6 13. Nf3 Bg4 14. h3 Bxf3
15. Qxf3 Qxb2 16. O-O Nd7 17. Rab1 Qxa2 18. Rxb7 Nc5 19. Bxc6 Nxb7 20. Bxb7 Ra7
21. Bd5 Qb2 22. Qf4 Qe5 23. Qe3 Qe7 24. f4 Kg7 25. g4 f6 26. Rb1 Qc7 27. g5 a5
28. gxf6+ Rxf6 29. e5 dxe5 30. fxe5 Rf5 31. d4 a4 32. Be4 Rh5 33. Bf3 Rf5 34.
Bg4 Rf8 35. d5 a3 36. d6 a2 37. Ra1 Qb7 38. Qd4 Qb1+ 39. Bd1 Kh6 40. Qh4+ Kg7
41. Qd4 Kh6 42. Qh4+ Kg7 1/2-1/2

[Event "Chess Festival Groningen 2019 A"]
[Site "Groningen , Netherlands"]
[Date "2019.12.23"]
[Round "3"]
[White "Van Roon, Sjoerd"]
[Black "Van Foreest, Machteld"]
[Result "0-1"]
[WhiteElo "2080"]
[BlackElo "2187"]
[PlyCount "106"]
[EventDate "2019.12.??"]

1. Nf3 Nf6 2. g3 b6 3. Bg2 Bb7 4. d4 e6 5. O-O Be7 6. c4 O-O 7. Nc3 Na6 8. b3
Ne4 9. Bb2 Bf6 10. Qd3 d5 11. cxd5 exd5 12. Ba3 Re8 13. e3 c5 14. Ne5 Bxe5 15.
dxe5 Rxe5 16. Nxe4 dxe4 17. Qc3 Re8 18. Rfd1 Qe7 19. Bb2 f6 20. Rd2 Nb4 21.
Rad1 Nd3 22. Ba1 Rad8 23. Qc4+ Kh8 24. Bf1 Ne1 25. Be2 Nf3+ 26. Bxf3 exf3 27.
h4 h6 28. Qc3 Ba6 29. e4 Rxd2 30. Qxd2 Qxe4 31. Bxf6 gxf6 32. Qxh6+ Kg8 33.
Qxf6 Qg4 34. Rd8 Bb5 35. a4 Bd7 36. Rxe8+ Bxe8 37. Qe5 Bf7 38. Qb8+ Kh7 39.
Qxa7 Qe6 40. Kh2 Kg7 41. Qc7 Qe2 42. Kh3 Qe6+ 43. g4 Qxb3 44. Qe5+ Kf8 45. h5
Qe6 46. Qb8+ Kg7 47. Qb7 Qf6 48. Qe4 c4 49. Qe3 c3 50. Kg3 c2 51. h6+ Kh7 52.
a5 Qd6+ 53. Kxf3 Qc6+ 0-1

[Event "Chess Festival Groningen 2019 A"]
[Site "Groningen , Netherlands"]
[Date "2019.12.23"]
[Round "3"]
[White "Wedda, Dries"]
[Black "Boersma, Jan"]
[Result "1/2-1/2"]
[WhiteElo "2209"]
[BlackElo "2069"]
[PlyCount "45"]
[EventDate "2019.12.??"]

1. e4 c5 2. Nf3 g6 3. c3 Bg7 4. d4 cxd4 5. cxd4 d5 6. e5 Nh6 7. Bb5+ Bd7 8.
Bxd7+ Qxd7 9. O-O O-O 10. Nc3 Nc6 11. Re1 Rad8 12. Bf4 Nf5 13. g4 Bh6 14. Bxh6
Nxh6 15. h3 Kg7 16. Nh4 f6 17. e6 Qd6 18. Qd2 Rc8 19. Rad1 a6 20. Ng2 Rfd8 21.
f4 Na5 22. b3 Qb4 23. Na4 1/2-1/2

[Event "Chess Festival Groningen 2019 A"]
[Site "Groningen , Netherlands"]
[Date "2019.12.23"]
[Round "3"]
[White "Ypma, Jord"]
[Black "Lubbe, Melanie"]
[Result "1-0"]
[WhiteElo "2070"]
[BlackElo "2279"]
[PlyCount "79"]
[EventDate "2019.12.??"]

1. d4 d6 2. Nf3 g6 3. g3 Bg7 4. Bg2 Nd7 5. O-O e5 6. Bg5 Ne7 7. dxe5 dxe5 8. e4
h6 9. Be3 O-O 10. Qe2 c6 11. Rd1 Qc7 12. Nc3 Kh7 13. Qc4 a6 14. a4 f5 15. exf5
Nxf5 16. Re1 Nxe3 17. Rxe3 b5 18. Qh4 Bf6 19. Qe4 Nc5 20. Qb4 Ne6 21. axb5 Rb8
22. Rae1 Be7 23. Qe4 Bc5 24. Nxe5 Qg7 25. R3e2 cxb5 26. h4 Nd4 27. Rd2 Bf5 28.
Qd5 Nxc2 29. Rxc2 Bxc2 30. Qxc5 Rbe8 31. f4 Rc8 32. Qe3 b4 33. Nd5 b3 34. h5
gxh5 35. Be4+ Kg8 36. Ng6 Rfe8 37. Nde7+ Kh7 38. Nf8+ Kh8 39. Neg6+ Kg8 40.
Bd5+ 1-0

[Event "Chess Festival Groningen 2019 A"]
[Site "Groningen , Netherlands"]
[Date "2019.12.23"]
[Round "3.5"]
[White "Davtyan, Artur"]
[Black "Van Foreest, Lucas"]
[Result "1/2-1/2"]
[WhiteElo "2437"]
[BlackElo "2526"]
[PlyCount "54"]
[EventDate "2019.12.??"]

1. d4 Nf6 2. c4 g6 3. Nc3 Bg7 4. e4 d6 5. Be2 O-O 6. Be3 a5 7. h4 Nc6 8. d5 Ne5
9. Nh3 c6 10. Qd2 a4 11. a3 cxd5 12. cxd5 Bxh3 13. Rxh3 Rc8 14. Nxa4 Nxe4 15.
Qb4 Nc5 16. Rd1 Nxa4 17. Qxa4 Nd7 18. h5 Nf6 19. hxg6 fxg6 20. Kf1 Qc7 21. Qh4
Qc2 22. Bd4 Rf7 23. Bc3 Rcf8 24. Rd2 Qb1+ 25. Rd1 Qc2 26. Rd2 Qb1+ 27. Rd1 Qc2
1/2-1/2

[Event "Chess Festival Groningen 2019 A"]
[Site "Groningen , Netherlands"]
[Date "2019.12.23"]
[Round "3.10"]
[White "Varshini, V."]
[Black "Kollen, Zyon"]
[Result "1-0"]
[WhiteElo "2227"]
[BlackElo "2347"]
[PlyCount "71"]
[EventDate "2019.12.??"]

1. e4 e6 2. d4 d5 3. Nd2 Be7 4. Ngf3 Nf6 5. e5 Nfd7 6. Bd3 c5 7. c3 Nc6 8. O-O
g5 9. dxc5 Ncxe5 10. Bb5 O-O 11. b4 Bf6 12. Nb3 Nxf3+ 13. Qxf3 Ne5 14. Qg3 Ng6
15. f4 gxf4 16. Bxf4 e5 17. Bh6 Bg7 18. Bxg7 Kxg7 19. Rad1 Be6 20. Bc4 a5 21.
Bxd5 Bxd5 22. c4 axb4 23. Rxd5 Qe7 24. Rf2 Ra6 25. Rfd2 Rfa8 26. Qf2 Qe6 27.
Rd6 Qe7 28. Rd7 Qe6 29. R7d6 Qe7 30. Rd7 Qe6 31. Rxb7 Qxc4 32. Rb6 Nf4 33. Qg3+
Kh8 34. Qg5 Nh3+ 35. gxh3 Rg8 36. Rd8 1-0

[Event "Chess Festival Groningen 2019 A"]
[Site "Groningen , Netherlands"]
[Date "2019.12.24"]
[Round "4"]
[White "Albers, Sasa"]
[Black "Danada, Tomas"]
[Result "1/2-1/2"]
[WhiteElo "1997"]
[BlackElo "2271"]
[PlyCount "127"]
[EventDate "2019.12.??"]

1. e4 c5 2. Nf3 Nc6 3. c3 Nf6 4. e5 Nd5 5. Bc4 Nb6 6. Bb3 d5 7. exd6 c4 8. Bc2
e5 9. O-O Bg4 10. b3 cxb3 11. axb3 Bxd6 12. d4 O-O 13. Qd3 f5 14. dxe5 Nxe5 15.
Nxe5 Bxe5 16. Qxd8 Rfxd8 17. f3 Bh5 18. Bxf5 Bf7 19. Bg5 Rd5 20. Be3 Rb5 21.
Bxb6 Rxb6 22. b4 a6 23. Ra5 Bc7 24. Rc5 Bd6 25. Rc8+ Rxc8 26. Bxc8 Kf8 27. Bf5
Ke7 28. Be4 Be5 29. g3 h6 30. Rc1 Kd6 31. Nd2 Kc7 32. Kf2 Rd6 33. Ke3 b6 34.
Bd3 a5 35. Ne4 Rd8 36. f4 Bd6 37. Nxd6 Kxd6 38. Bb5 Kc7 39. Ra1 Ra8 40. c4 Be8
41. Bxe8 Rxe8+ 42. Kd3 Ra8 43. Ra4 g5 44. c5 bxc5 45. bxa5 gxf4 46. gxf4 Kc6
47. Kc4 Rf8 48. Kb3 Rb8+ 49. Ka3 Kb7 50. a6+ Ka7 51. Ra5 Rb4 52. f5 Rh4 53.
Rxc5 Rxh2 54. f6 Rf2 55. Rc7+ Kxa6 56. Rf7 h5 57. Rf8 h4 58. f7 Ka7 59. Rh8
Rf3+ 60. Kb2 Rf2+ 61. Kc3 Rf3+ 62. Kd2 Rf2+ 63. Ke3 Rxf7 64. Rxh4 1/2-1/2

[Event "Chess Festival Groningen 2019 A"]
[Site "Groningen , Netherlands"]
[Date "2019.12.24"]
[Round "4"]
[White "Ananya Rishi Gupta"]
[Black "Van Roon, Sjoerd"]
[Result "0-1"]
[WhiteElo "2037"]
[BlackElo "2080"]
[PlyCount "126"]
[EventDate "2019.12.??"]

1. e4 c5 2. c3 d5 3. exd5 Qxd5 4. d4 Nc6 5. Nf3 Bg4 6. Be2 Nf6 7. O-O e6 8. Be3
cxd4 9. Nxd4 Bxe2 10. Qxe2 Nxd4 11. Bxd4 Be7 12. Nd2 O-O 13. f4 Rad8 14. Nb3 b6
15. Rad1 Qf5 16. Rd3 a5 17. Re3 a4 18. Re5 Qg4 19. Nc1 Qxe2 20. Nxe2 Bc5 21. h3
Rd5 22. Bxc5 bxc5 23. Rxd5 exd5 24. Ng3 g6 25. Re1 Rb8 26. Re2 h5 27. Nh1 h4
28. Kf2 a3 29. b3 Ne4+ 30. Kf3 Nxc3 31. Rc2 Ne4 32. Nf2 Nxf2 33. Rxf2 c4 34.
bxc4 dxc4 35. Rc2 Rb2 36. Rxc4 Rxa2 37. Ra4 Kg7 38. Ra6 f5 39. g3 hxg3 40. Kxg3
Ra1 41. Kf2 a2 42. Kg2 Kf7 43. Kh2 Ke7 44. Kg2 Kd7 45. Kh2 Kc7 46. Kg2 Kb7 47.
Ra3 Kb6 48. Ra8 Kb5 49. Rb8+ Kc4 50. Ra8 Kd4 51. Ra7 Ke4 52. Ra4+ Ke3 53. h4
Kd3 54. Kh2 Kc3 55. Ra8 Kd4 56. Ra4+ Kd3 57. Kg2 Ke3 58. Ra3+ Kxf4 59. Ra4+ Ke5
60. Ra5+ Kf6 61. Ra6+ Kg7 62. Ra7+ Kh6 63. Ra5 f4 0-1

[Event "Chess Festival Groningen 2019 A"]
[Site "Groningen , Netherlands"]
[Date "2019.12.24"]
[Round "4"]
[White "Balje, Jan"]
[Black "Berndt, Matthias"]
[Result "1/2-1/2"]
[WhiteElo "2179"]
[BlackElo "2065"]
[PlyCount "60"]
[EventDate "2019.12.??"]

1. d4 d5 2. c4 dxc4 3. e4 c5 4. d5 Nf6 5. Nc3 e6 6. Bxc4 exd5 7. Nxd5 Nxd5 8.
Bxd5 Be7 9. Ne2 O-O 10. O-O Nd7 11. Bf4 Qb6 12. Nc3 Bf6 13. Na4 Qb5 14. Rc1 Nb6
15. Nxb6 axb6 16. e5 Be7 17. Qc2 Be6 18. Be4 Rxa2 19. Bxh7+ Kh8 20. Rb1 Qc4 21.
Be4 Qxc2 22. Bxc2 b5 23. Be4 b6 24. Be3 Rd8 25. b4 Bc4 26. Rfc1 g6 27. g3 cxb4
28. Bxb6 Rdd2 29. Be3 Rd8 30. Bb6 Rdd2 1/2-1/2

[Event "Chess Festival Groningen 2019 A"]
[Site "Groningen , Netherlands"]
[Date "2019.12.24"]
[Round "4"]
[White "Gijsen, William"]
[Black "Van Baar, Esper"]
[Result "0-1"]
[WhiteElo "1948"]
[BlackElo "2181"]
[PlyCount "50"]
[EventDate "2019.12.??"]

1. e4 c5 2. Nf3 d6 3. d4 cxd4 4. Nxd4 Nf6 5. Nc3 a6 6. Be3 e5 7. Nb3 Be7 8. f3
Be6 9. Qd2 O-O 10. O-O-O Nbd7 11. g4 b5 12. Kb1 b4 13. Na4 a5 14. h4 Qc7 15.
Bb5 Rfb8 16. c4 Bxc4 17. Bxd7 Nxd7 18. Rc1 Rc8 19. g5 Qc6 20. Nac5 Bxb3 21.
Nxb3 Qb5 22. h5 a4 23. Rxc8+ Rxc8 24. Nc1 b3 25. Qd3 Rxc1+ 0-1

[Event "Chess Festival Groningen 2019 A"]
[Site "Groningen , Netherlands"]
[Date "2019.12.24"]
[Round "4"]
[White "Grutter, Tim"]
[Black "Maatman, Nick"]
[Result "0-1"]
[WhiteElo "2214"]
[BlackElo "2400"]
[PlyCount "77"]
[EventDate "2019.12.??"]

1. e4 c6 2. Nc3 d5 3. Nf3 dxe4 4. Nxe4 Nf6 5. Qe2 Nxe4 6. Qxe4 Nd7 7. Bc4 Nf6
8. Ne5 e6 9. Qe2 Bd6 10. O-O Qc7 11. d4 O-O 12. Bf4 b6 13. Bg3 g6 14. Qf3 Nd5
15. Ng4 f5 16. Bxd6 Qxd6 17. Ne5 Bb7 18. Rfe1 Rad8 19. Bb3 Qc7 20. Qg3 c5 21.
dxc5 bxc5 22. Nc4 f4 23. Qg4 Bc8 24. Re5 Rf5 25. Rxf5 exf5 26. Qf3 Kg7 27. Qe2
Nf6 28. Qe5 Qxe5 29. Nxe5 Ba6 30. Bc4 Bxc4 31. Nxc4 Rd4 32. b3 Nd5 33. Kh1 Kf6
34. Re1 Nc3 35. Nb2 g5 36. f3 Nd5 37. Re2 Nc3 38. Re1 g4 39. Nd3 0-1

[Event "Chess Festival Groningen 2019 A"]
[Site "Groningen , Netherlands"]
[Date "2019.12.24"]
[Round "4"]
[White "Haan, Gertjan"]
[Black "Krasenkova, Ilena"]
[Result "1/2-1/2"]
[WhiteElo "1936"]
[BlackElo "2174"]
[PlyCount "52"]
[EventDate "2019.12.??"]

1. d4 c6 2. c4 b5 3. cxb5 cxb5 4. Nf3 Nf6 5. Bf4 e6 6. e3 Bb7 7. Nbd2 a6 8. Bd3
Nc6 9. O-O Be7 10. h3 Qb6 11. a3 O-O 12. Qe2 Rac8 13. Rfc1 d6 14. Ng5 e5 15.
dxe5 Nxe5 16. Bf5 Rxc1+ 17. Rxc1 g6 18. Bb1 Bd5 19. e4 Bc4 20. Nxc4 Nxc4 21.
Nf3 Nh5 22. Bh6 Re8 23. g4 Ng7 24. Ba2 Bf6 25. Bxc4 bxc4 26. Qxc4 Qb7 1/2-1/2

[Event "Chess Festival Groningen 2019 A"]
[Site "Groningen , Netherlands"]
[Date "2019.12.24"]
[Round "4"]
[White "Kolbus, Dietmar"]
[Black "Nicolai, Amir"]
[Result "1-0"]
[WhiteElo "2294"]
[BlackElo "2108"]
[PlyCount "97"]
[EventDate "2019.12.??"]

1. c4 f5 2. Nf3 Nf6 3. g3 d6 4. d4 e6 5. Bg2 Be7 6. O-O O-O 7. Nc3 Ne4 8. Qc2
Nxc3 9. Qxc3 Bf6 10. Rd1 Qe7 11. Qa3 Nd7 12. Bd2 g5 13. Bc3 Qg7 14. Rac1 e5 15.
dxe5 dxe5 16. c5 c6 17. b4 e4 18. Qb3+ Qf7 19. Qxf7+ Kxf7 20. Nd4 Ne5 21. a4
Rd8 22. a5 a6 23. Ba1 Be6 24. f3 e3 25. Bh3 g4 26. fxg4 fxg4 27. Bg2 Bd5 28.
Nf5 Bxg2 29. Kxg2 Rd2 30. Nd6+ Ke6 31. Rxd2 exd2 32. Rd1 Rd8 33. Rxd2 Rd7 34.
Rd4 Bg7 35. Re4 Kd5 36. Bxe5 Bxe5 37. Rxg4 Bxd6 38. cxd6 Ke5 39. Rh4 Rf7 40.
Rh6 Kd5 41. g4 c5 42. e4+ Kxe4 43. bxc5 Kd5 44. Rh5+ Kc6 45. Kg3 Kb5 46. h4
Kxa5 47. c6+ Kb6 48. c7 Rf8 49. Rc5 1-0

[Event "Chess Festival Groningen 2019 A"]
[Site "Groningen , Netherlands"]
[Date "2019.12.24"]
[Round "4"]
[White "Kumar, Naman"]
[Black "Pienabarca, Nicola"]
[Result "1-0"]
[WhiteElo "2082"]
[BlackElo "2077"]
[PlyCount "73"]
[EventDate "2019.12.??"]

1. e4 e6 2. d4 d5 3. Nc3 Nf6 4. e5 Nfd7 5. f4 c5 6. Nf3 Nc6 7. Be3 a6 8. Qd2 b5
9. dxc5 Bxc5 10. Bd3 Qb6 11. Bxc5 Nxc5 12. Ne2 a5 13. Ned4 Nxd3+ 14. Qxd3 b4
15. Nxc6 Qxc6 16. Nd4 Qc4 17. Nb5 O-O 18. Qxc4 dxc4 19. Nd6 f6 20. Nxc4 fxe5
21. fxe5 Bb7 22. Rg1 Rf5 23. O-O-O Ba6 24. Nb6 Ra7 25. Rge1 Rc7 26. Rd2 Kf7 27.
b3 Ke7 28. Kb2 Rc6 29. Na4 Bb5 30. Re3 Bxa4 31. bxa4 Rc5 32. Rde2 Kd7 33. a3
bxa3+ 34. Kxa3 Kc6 35. Kb3 Rf4 36. c3 Rcc4 37. g3 1-0

[Event "Chess Festival Groningen 2019 A"]
[Site "Groningen , Netherlands"]
[Date "2019.12.24"]
[Round "4"]
[White "Kumar, Nikhil"]
[Black "Ypma, Jord"]
[Result "1-0"]
[WhiteElo "2315"]
[BlackElo "2070"]
[PlyCount "87"]
[EventDate "2019.12.??"]

1. c4 Nf6 2. g3 c6 3. Bg2 d5 4. Nf3 Bg4 5. Ne5 Be6 6. cxd5 Bxd5 7. Nf3 c5 8.
Nc3 Bc6 9. O-O e6 10. Re1 Nbd7 11. e4 c4 12. b3 Nc5 13. Ne5 Nd3 14. Nxd3 cxd3
15. Bb2 Be7 16. Rc1 O-O 17. e5 Nd5 18. Ne4 Kh8 19. Qh5 Qe8 20. Nf6 Nxf6 21.
exf6 Bxf6 22. Bxf6 gxf6 23. Rxc6 bxc6 24. Be4 f5 25. Bxf5 exf5 26. Rxe8 Raxe8
27. Qxf5 Rd8 28. Qf6+ Kg8 29. h4 Rd5 30. Qxc6 Rfd8 31. Qc7 R8d7 32. Qc8+ Kg7
33. b4 Re7 34. Qc4 Rdd7 35. a4 f5 36. Qf4 Rf7 37. b5 Kf8 38. a5 Ke8 39. h5 Kd8
40. Qb8+ Ke7 41. Qe5+ Kd8 42. b6 axb6 43. a6 Rc7 44. a7 1-0

[Event "Chess Festival Groningen 2019 A"]
[Site "Groningen , Netherlands"]
[Date "2019.12.24"]
[Round "4"]
[White "Lubbe, Melanie"]
[Black "Harshini A"]
[Result "1/2-1/2"]
[WhiteElo "2279"]
[BlackElo "2076"]
[PlyCount "113"]
[EventDate "2019.12.??"]

1. e4 e5 2. Nf3 Nc6 3. Bc4 Bc5 4. c3 Nf6 5. d3 a6 6. O-O Ba7 7. Bb3 O-O 8. Bg5
h6 9. Bh4 Re8 10. Nbd2 Bc5 11. Nxe5 Nxe5 12. d4 Bxd4 13. cxd4 Ng6 14. Bxf6 Qxf6
15. e5 Qf4 16. Nc4 d5 17. Ne3 c6 18. g3 Qg5 19. f4 Qd8 20. f5 Nxe5 21. dxe5 Qb6
22. Qd3 Rxe5 23. Rae1 Bd7 24. Kh1 Rae8 25. Ng2 Rxe1 26. Nxe1 c5 27. Bxd5 Bb5
28. Qb3 c4 29. Bxc4 Qc6+ 30. Bd5 Bxf1 31. Bxc6 Rxe1 32. Qc3 Rb1 33. Kg1 Bb5+
34. Kf2 Bxc6 35. f6 Rh1 36. h4 Rh2+ 37. Ke3 Rg2 38. Qe5 gxf6 39. Qxf6 Rxg3+ 40.
Kd4 Rg6 41. Qf4 Re6 42. Qb8+ Kg7 43. a3 Re8 44. Qg3+ Kf8 45. Qd6+ Kg7 46. Kd3
Re6 47. Qd8 Re8 48. Qd4+ Kg8 49. b4 b5 50. Qa7 Be4+ 51. Ke3 Bd5+ 52. Kf4 Bc4
53. Qd4 Be2 54. Qg1+ Kf8 55. Qc5+ Kg7 56. Qc3+ Kg8 57. Qf6 1/2-1/2

[Event "Chess Festival Groningen 2019 A"]
[Site "Groningen , Netherlands"]
[Date "2019.12.24"]
[Round "4"]
[White "Mollema, Thomas"]
[Black "Sodoma, Jan"]
[Result "1-0"]
[WhiteElo "2207"]
[BlackElo "2312"]
[PlyCount "73"]
[EventDate "2019.12.??"]

1. e4 e5 2. Nf3 Nc6 3. Nc3 Nf6 4. d4 exd4 5. Nxd4 Bb4 6. Nxc6 bxc6 7. Bd3 d5 8.
exd5 cxd5 9. O-O O-O 10. h3 c6 11. Qf3 Bd6 12. Re1 Rb8 13. Rb1 h6 14. Bf4 Rb4
15. Bxd6 Qxd6 16. a3 Rb7 17. b4 Be6 18. Na4 Nd7 19. Qe3 Rfb8 20. Rbd1 a5 21. c3
axb4 22. axb4 Ra8 23. Bc2 Rba7 24. Nb6 Nxb6 25. Qxb6 Ra2 26. Bb1 R2a3 27. Re3
Rc8 28. Qd4 c5 29. Qd3 g6 30. bxc5 Rxc5 31. Qd4 Rc8 32. Bxg6 Qc6 33. Rg3 Kf8
34. Bxf7 Kxf7 35. Rg7+ Ke8 36. Qf6 Qd6 37. Re1 1-0

[Event "Chess Festival Groningen 2019 A"]
[Site "Groningen , Netherlands"]
[Date "2019.12.24"]
[Round "4"]
[White "Rut, Vojtech"]
[Black "Wedda, Dries"]
[Result "0-1"]
[WhiteElo "2119"]
[BlackElo "2209"]
[PlyCount "66"]
[EventDate "2019.12.??"]

1. e4 c5 2. Nf3 d6 3. c3 Nf6 4. Be2 g6 5. O-O Bg7 6. Bb5+ Nc6 7. d4 O-O 8. e5
Ne4 9. exd6 Qxd6 10. Qe2 Nf6 11. Bxc6 bxc6 12. Nbd2 Rb8 13. dxc5 Qxc5 14. Nb3
Qh5 15. Qxe7 Ba6 16. Qxa7 Bxf1 17. Kxf1 Qb5+ 18. Kg1 Ra8 19. Qc5 Qxb3 20. axb3
Rxa1 21. Qg5 Rd8 22. Nd4 c5 23. f3 cxd4 24. Kf2 d3 25. b4 Rd7 26. Qd2 Bf8 27.
g4 Be7 28. Kg3 h5 29. gxh5 Nxh5+ 30. Kh3 Ng7 31. b5 Rxc1 32. Qxc1 d2 33. Qd1
Nf5 0-1

[Event "Chess Festival Groningen 2019 A"]
[Site "Groningen , Netherlands"]
[Date "2019.12.24"]
[Round "4"]
[White "Tabak, Stefan"]
[Black "Markus, John Raymond"]
[Result "0-1"]
[WhiteElo "2166"]
[BlackElo "1996"]
[PlyCount "52"]
[EventDate "2019.12.??"]

1. e4 g6 2. Nc3 d6 3. Bc4 Bg7 4. d3 c5 5. f4 e6 6. Nf3 Nc6 7. O-O Nge7 8. Qe1
O-O 9. Qh4 Na5 10. Bb3 Nxb3 11. axb3 Nc6 12. Qh3 f5 13. Ng5 h6 14. Nf3 Nd4 15.
Rf2 Bd7 16. Be3 e5 17. Qg3 g5 18. Nd5 exf4 19. Nxf4 gxf4 20. Bxf4 fxe4 21. dxe4
Nxf3+ 22. Rxf3 Kh7 23. Rd1 Rg8 24. Kh1 Bd4 25. Qe1 Bg4 26. Rxd4 cxd4 0-1

[Event "Chess Festival Groningen 2019 A"]
[Site "Groningen , Netherlands"]
[Date "2019.12.24"]
[Round "4"]
[White "Theulings, Paul-Peter"]
[Black "Woong, Zhi Wei William"]
[Result "1-0"]
[WhiteElo "2070"]
[BlackElo "2222"]
[PlyCount "105"]
[EventDate "2019.12.??"]

1. Nf3 d5 2. d4 Nf6 3. c4 e6 4. Nc3 Be7 5. Bf4 O-O 6. e3 b6 7. cxd5 Nxd5 8.
Nxd5 exd5 9. Bd3 c5 10. b3 Be6 11. Rc1 Nc6 12. dxc5 bxc5 13. O-O h6 14. Bb1 Qb6
15. Ne5 Nxe5 16. Bxe5 Rac8 17. Qf3 f5 18. Qg3 Bf6 19. Bxf6 Rxf6 20. Qe5 Qc7 21.
Qxc7 Rxc7 22. Rc3 Rf8 23. Rfc1 Rfc8 24. Bd3 c4 25. Be2 Kf7 26. Kf1 Ke7 27. Ke1
Kd6 28. Kd2 a5 29. g3 g5 30. bxc4 dxc4 31. Ra3 c3+ 32. Kc2 Rb8 33. Rd1+ Ke7 34.
Rxc3 Rcb7 35. Kd2 Rb2+ 36. Rc2 Bxa2 37. Ra1 Bb1 38. Rxb2 Rxb2+ 39. Ke1 Ba2 40.
Bd3 Kf6 41. Rc1 Rb4 42. Rc5 Bb1 43. Bxb1 Rxb1+ 44. Ke2 a4 45. Ra5 Ra1 46. Ra6+
Ke7 47. h4 gxh4 48. gxh4 h5 49. Kf3 a3 50. Kf4 Rg1 51. Rxa3 Rg4+ 52. Kxf5 Rxh4
53. Ra6 1-0

[Event "Chess Festival Groningen 2019 A"]
[Site "Groningen , Netherlands"]
[Date "2019.12.24"]
[Round "4"]
[White "Van Foreest, Machteld"]
[Black "Van Randtwijk, Mick"]
[Result "1-0"]
[WhiteElo "2187"]
[BlackElo "2047"]
[PlyCount "41"]
[EventDate "2019.12.??"]

1. e4 c5 2. Nf3 d6 3. d4 cxd4 4. Nxd4 Nf6 5. Nc3 a6 6. f3 e5 7. Nb3 Be6 8. Be3
h6 9. Qd2 Nbd7 10. O-O-O Be7 11. Nd5 Bxd5 12. exd5 Rc8 13. Qb4 b5 14. Qa5 O-O
15. Qxa6 Qc7 16. Qc6 Nxd5 17. Qxc7 Nxc7 18. Na5 d5 19. Nc6 Bf6 20. g4 d4 21.
Bd2 {... Notation Unreable [58 moves]} 1-0

[Event "Chess Festival Groningen 2019 A"]
[Site "Groningen , Netherlands"]
[Date "2019.12.24"]
[Round "4"]
[White "Van Hoorn, Geert"]
[Black "Bruil, Rembrandt"]
[Result "1/2-1/2"]
[WhiteElo "2032"]
[BlackElo "2206"]
[PlyCount "105"]
[EventDate "2019.12.??"]

1. e4 c5 2. Nf3 Nc6 3. d4 cxd4 4. Nxd4 g6 5. c4 Nf6 6. Nc3 Nxd4 7. Qxd4 d6 8.
Be3 Bg7 9. Be2 O-O 10. Qd2 Be6 11. O-O Qa5 12. Rac1 Rfc8 13. b3 a6 14. Bf3 Rab8
15. Nd5 Qxd2 16. Bxd2 Bxd5 17. cxd5 Kf8 18. Ba5 Bh6 19. Rxc8+ Rxc8 20. a4 Bg5
21. g3 h5 22. Bg2 Bh6 23. f4 Bg7 24. e5 Ng4 25. h3 Ne3 26. Re1 Nxg2 27. Kxg2
dxe5 28. Bb4 Rc2+ 29. Kf3 Rb2 30. Re3 f6 31. fxe5 fxe5 32. Ke4 Kf7 33. Ba5 Bf6
34. Bc7 b5 35. axb5 axb5 36. Bxe5 Rc2 37. Bxf6 Kxf6 38. h4 Kf7 39. Ke5 Ke8 40.
d6 Kd7 41. dxe7 Kxe7 42. Kd5+ Kd7 43. Rf3 Ke7 44. Re3+ Kd7 45. Re5 Rc3 46. Rg5
Rxb3 47. Rxg6 Ke7 48. Ke5 Rb4 49. Rg7+ Kf8 50. Rd7 Rg4 51. Rd3 Kg7 52. Kf5 b4
53. Rd7+ 1/2-1/2

[Event "Chess Festival Groningen 2019 A"]
[Site "Groningen , Netherlands"]
[Date "2019.12.24"]
[Round "4"]
[White "Zwirs, Jasper"]
[Black "De Jong, Migchiel"]
[Result "1/2-1/2"]
[WhiteElo "2062"]
[BlackElo "2326"]
[PlyCount "140"]
[EventDate "2019.12.??"]

1. e4 e6 2. d4 d5 3. Nc3 Bb4 4. e5 Ne7 5. a3 Bxc3+ 6. bxc3 c5 7. Qg4 Kf8 8. Bd2
Qc7 9. Bd3 b6 10. Nf3 Ba6 11. h4 Bxd3 12. cxd3 h5 13. Qf4 Ng6 14. Qe3 Nd7 15.
Ng5 Kg8 16. Qh3 Ndf8 17. O-O Rc8 18. a4 c4 19. dxc4 Qxc4 20. Qf3 Rc7 21. g3 Re7
22. a5 b5 23. a6 Nd7 24. Rfe1 Nb6 25. Reb1 Nd7 26. Rb4 Qc6 27. Qd3 Re8 28. Qxb5
Qxb5 29. Rxb5 Nb6 30. Bc1 f6 31. Nf3 Ne7 32. Ba3 Kf7 33. Bd6 Rc8 34. Bc5 Rc6
35. Rab1 Ra8 36. Ne1 Nd7 37. Nd3 Rxa6 38. Bxe7 Kxe7 39. Nc5 Rb6 40. Nxd7 Rxb5
41. Rxb5 Kxd7 42. exf6 gxf6 43. Ra5 a6 44. Kf1 Kc6 45. Ke2 Kb6 46. Ra1 a5 47.
Kd3 a4 48. Kc2 e5 49. Rb1+ Kc6 50. Rb4 a3 51. Kb1 a2+ 52. Ka1 Ra3 53. Rb8 e4
54. Rf8 Kb5 55. Rc8 Ka4 56. Rc5 Kb3 57. Rxd5 Kxc3 58. Rxh5 Kxd4 59. Rf5 e3 60.
fxe3+ Rxe3 61. Rxf6 Rxg3 62. Kxa2 Rh3 63. Rh6 Ke5 64. Rh8 Kf6 65. Kb2 Kg7 66.
Rh5 Kg6 67. Rg5+ Kh6 68. Rg4 Kh5 69. Rc4 Rxh4 70. Rxh4+ Kxh4 1/2-1/2